000 01974nam a2200361 4500
001 OTLid0000576
003 MnU
005 20201105133343.0
006 m o d s
008 180907s2015 mnu o 0 0 eng d
040 _aMnU
_beng
_cMnU
050 4 _aQH301
050 4 _aQH308.2
100 1 _aCushwa, Willy
_eauthor
245 0 0 _aHuman Biology
_cWilly Cushwa
264 2 _bOpen Textbook Library
264 1 _bOpenStax CNX
300 _a1 online resource
490 0 _aOpen textbook library.
505 0 _aChapter 1: Introduction to Human Biology and the Scientific Method -- Chapter 2: Chemistry and Life -- Chapter 3: Cells -- Chapter 4: DNA and Gene Expression -- Chapter 5: Digestive System -- Chapter 6: Energy Considerations -- Chapter 7: Blood -- Chapter 8: Heart -- Chapter 9: Blood Vessels -- Chapter 10: Respiratory System -- Chapter 11: Hormones -- Chapter 12: Urinary System -- Chapter 13: Mitosis and Meiosis -- Chapter 14: Reproductive Systems -- Chapter 15: Skeletal System -- Chapter 16: Muscles and Movement -- Chapter 17: Nervous System -- Chapter 18: Special Senses -- Chapter 19: Immune System
520 0 _aThis textbook has been created with several goals in mind: accessibility, customization, and student engagement-all while encouraging students toward high levels of academic scholarship. Students will find that this textbook offers a strong introduction to human biology in an accessible format.
542 1 _fAttribution
546 _aIn English.
588 0 _aDescription based on online resource
650 0 _aScience
_vTextbooks
650 0 _aBiology
_vTextbooks
710 2 _aOpen Textbook Library
_edistributor
856 4 0 _uhttps://open.umn.edu/opentextbooks/textbooks/576
_zAccess online version
999 _c19952
_d19952